000 00317nam a2200121Ia 4500
008 240624s9999 xx 000 0 und d
041 _aeng
082 _a332.64 SUN
100 _aSUNDARAM RANGARAJAN
245 _aDERIVATIVES PRINCIPLES AND PRACTICES
260 _c2013
_aNew Delhi
_bTata McGraw-Hill
365 _cRS
_b33
999 _c25925
_d25925